Central Library OPAC University of Rajshahi
Normal view MARC view

Entry Personal Name

Number of records used in: 11

001 - CONTROL NUMBER

  • control field: 5789

003 - CONTROL NUMBER IDENTIFIER

  • control field: BD-RjUL

005 - DATE AND TIME OF LATEST TRANSACTION

  • control field: 20221110130738.0

008 - FIXED-LENGTH DATA ELEMENTS

  • fixed length control field: 221110|| aca||aabn | a|a d

040 ## - CATALOGING SOURCE

  • Original cataloging agency: BD-RjUL
  • Transcribing agency: BD-RjUL

100 ## - HEADING--PERSONAL NAME

  • Personal name: Maḥbūbī, Ubayd Allāh ibn Masʻūd

670 ## - SOURCE DATA FOUND

  • Source citation: Work cat.: (BD-RjUL)80751: Maḥbūbī, Ubayd Allāh ibn Masʻūd , شرح الوقاية. مع حاشية عمدة الرعاية # # Sharḥ al-wiqāyah. Maʻa ḥāshiyat ʻUmdat al-riʻāyah/